El regreso de la factura de crédito dentro de la Ley de Financiamiento productivo (Registro nro. 34859)
[ vista simple ]
| 000 -LEADER | |
|---|---|
| fixed length control field | 00350 a2200109 4500 |
| 001 - CONTROL NUMBER | |
| control field | ART_46467 |
| 005 - DATE AND TIME OF LATEST TRANSACTION | |
| control field | 20260410162041.0 |
| 008 - FIXED-LENGTH DATA ELEMENTS--GENERAL INFORMATION | |
| fixed length control field | 260409a |
| 100 1# - MAIN ENTRY--PERSONAL NAME | |
| Personal name | Ceteri, José Luis |
| 245 10 - TITLE STATEMENT | |
| Title | El regreso de la factura de crédito dentro de la Ley de Financiamiento productivo |
| 773 0# - HOST ITEM ENTRY | |
| Title | Impuestos |
| Related parts | - N°29 (jun. 2018) |
| Record control number | REV45175 |
No hay ítems disponibles.